Biện pháp quản lý hoạt động đào tạo đại học theo hình thức đào tạo từ xa tại Đại học Đà Nẵng
Cơ sở lý luận về quản lý hoạt động đào tạo đại học theo hình thức đào tạo từ xa. Thực trạng quản lý hoạt động đào tạo đại học theo hình thức đào tạo từ xa tại Đại học Đà Nẵng. Các biện pháp quản lý hoạt động đào tạo đại học theo hình thức đào tạo từ xa tại Đại học Đà Nẵng trong bối cảnh hiện nay....
Zapisane w:
| 1. autor: | |
|---|---|
| Kolejni autorzy: | |
| Format: | Książka |
| Język: | Vietnamese |
| Wydane: |
Đà Nẵng
Đại học Đà Nẵng
2015
|
| Hasła przedmiotowe: | |
| Etykiety: |
Dodaj etykietę
Nie ma etykietki, Dołącz pierwszą etykiete!
|
| Thư viện lưu trữ: | Mạng thư viện Đại học Đà Nẵng |
|---|
| LEADER | 01971nam a2200349 4500 | ||
|---|---|---|---|
| 001 | 000023443 | ||
| 003 | 19894 | ||
| 005 | 20151209091235.0 | ||
| 008 | 151208s2015 viesd | ||
| 041 | |a vie | ||
| 082 | 1 | 4 | |a 378.175 |b NG-U |
| 100 | 1 | |a Nguyễn Hoàng Thanh Uyên | |
| 245 | 1 | |a Biện pháp quản lý hoạt động đào tạo đại học theo hình thức đào tạo từ xa tại Đại học Đà Nẵng |c Nguyễn Hoàng Thanh Uyên ; Nguyễn Thị Mỹ Lộc hướng dẫn. |k Luận văn Thạc sĩ | |
| 260 | |a Đà Nẵng |b Đại học Đà Nẵng |c 2015 | ||
| 300 | |a 118 tr. ; phụ lục 18 tr. |c 29 cm. |e Tóm tắt | ||
| 500 | |a Luận văn thạc sĩ Quản lý giáo dục. Chuyên ngành: Quản lý giáo dục. Mã số: 60.14.01.14 | ||
| 520 | 3 | |a Cơ sở lý luận về quản lý hoạt động đào tạo đại học theo hình thức đào tạo từ xa. Thực trạng quản lý hoạt động đào tạo đại học theo hình thức đào tạo từ xa tại Đại học Đà Nẵng. Các biện pháp quản lý hoạt động đào tạo đại học theo hình thức đào tạo từ xa tại Đại học Đà Nẵng trong bối cảnh hiện nay. | |
| 650 | 0 | 4 | |a Giáo dục đại học |v Luận văn tốt nghiệp |x Đào tạo từ xa |x Quản lý |z Đà Nẵng |
| 653 | |a Giáo dục đại học | ||
| 653 | |a Đào tạo từ xa | ||
| 653 | |a Quản lý giáo dục | ||
| 700 | 1 | |a Nguyễn Thị Mỹ Lộc |c GS.TS. |e Hướng dẫn | |
| OWN | |a LSP | ||
| AVA | |a UDN50 |b LSP |d 378.175 NG-U |e available |t Error 5001 Not defined in file expand_doc_bib_avail. |f 1 |g 0 |h N |i 0 |k 1 | ||
| 999 | |a From the UDN01 | ||
| AVA | |a UDN50 |b LSP |d 378.175 NG-U |e available |t Error 5001 Not defined in file expand_doc_bib_avail. |f 1 |g 0 |h N |i 0 |k 1 | ||
| TYP | |a Monograph | ||
| TYP | |a Printed language | ||
| 980 | |a Mạng thư viện Đại học Đà Nẵng | ||